Badalona en las postrimerías del siglo XVIII y en los albores del XIX (Record no. 24095)

MARC details
000 -LEADER
campo de control de longitud fija 00844nam a2200205 i 4500
001 - NÚMERO DE CONTROL
campo de control 24095
003 - IDENTIFICADOR DE NÚMERO DE CONTROL
campo de control ES-MaACL
005 - FECHA Y HORA DE LA ÚLTIMA TRANSACCIÓN
campo de control 20251012063039.0
007 - CAMPO FIJO DE DESCRIPCIÓN FÍSICA--INFORMACIÓN GENERAL
campo de control de longitud fija t|
008 - DATOS DE LONGITUD FIJA--INFORMACIÓN GENERAL
campo de control de longitud fija 021216s1948 sp ||||1| spa d
100 0# - ENTRADA PRINCIPAL--NOMBRE DE PERSONA
Nombre de persona Amat y de Cortada, Rafael de,
Títulos y otros términos asociados al nombre Barón de Maldá
9 (RLIN) 21147
245 10 - MENCIÓN DEL TÍTULO
Título Badalona en las postrimerías del siglo XVIII y en los albores del XIX
Resto del título : (estancias de Don Rafael de Amat y de Cortada en " Cân Pexau") /
Mención de responsabilidad, etc. Rafael de Amat y de Cortada ; prólogo y transcripción por José M. Cuvás Tolosa.
260 ## - PUBLICACIÓN, DISTRIBUCIÓN, ETC.
Lugar de publicación, distribución, etc. Badalona :
Nombre del editor, distribuidor, etc. [s.n.],
Fecha de publicación, distribución, etc. 1948 (
Fabricante Artes Gráficas Durán)
300 ## - DESCRIPCIÓN FÍSICA
Extensión XXXVIII, 265 p. :
Otras características físicas il. ;
Dimensiones 19 cm.
490 1# - MENCIÓN DE SERIE
Mención de serie Histórica Badalonesa
700 1# - ENTRADA AGREGADA--NOMBRE PERSONAL
Nombre de persona Cuvás Tolosa, José M.
9 (RLIN) 42298
830 0# - PUNTO DE ACCESO ADICIONAL DE SERIE-TÍTULO UNIFORME
Título uniforme Histórica Badalonesa
9 (RLIN) 229071
852 ## - LOCALIZACIÓN
Ubicación ES-MaACL
Número de control de estantería C-5605
Sublocalización o colección R.26066
Holdings
Estatus retirado Estado de pérdida Estado de daño No para préstamo Biblioteca de origen Biblioteca actual Ubicación en estantería Fecha de adquisición Fuente de adquisición Total de préstamos Signatura topográfica completa Código de barras Visto por última vez Precio de reemplazo Tipo de ítem Koha
        Biblioteca del Ateneo de Madrid Biblioteca del Ateneo de Madrid Sala Palomar 17/01/2008     C-5605 1024834 23/02/2023 23/02/2023 Libro impreso